00868nam a22002175i 4500001000700000003000900007005001700016008004100033080001100074100002600085245012900111260004600240300003000286490003900316650003200355700003900387830004700426852003600473999001900509952012200528177782ES-MaACL20231205142506.0110426s1934 sp a |||| | spa d a544.111 aMarch, Arthur.97638913aLa física del átomo b: iniciación en las nuevas teorías / cArthur March ; traducción del alemán por X. Zubiri. aMadrid : bRevista de Occidente, c[1934] a327 p. : bil. ; c18 cm.1 aNuevos hechos, nuevas ideas ; v3804aTeoría atómica.91369211 aZubiri, Xavier,d1898-198391184061 aNuevos hechos, nuevas ideas ; v389184426 aES-MaACLjE-14988 xOlim P-209 c177782d177782 00104070aATENEOMbATENEOMcDEPO2d2011-04-26eSCl0oE-14988p1186766r2023-02-23 00:00:00w2023-02-23yMONOGRAFIA